[Event "HUN-ch U20"]
[Site "Szolnok"]
[Date "2024.04.04"]
[Round "7"]
[White "Golya, David"]
[Black "Botond, Laszlo"]
[Result "1-0"]
[WhiteElo "1672"]
[BlackElo "1831"]
[PlyCount "113"]
[EventDate "2024.03.31"]
[EventType "swiss"]
[EventRounds "9"]
[EventCountry "HUN"]
[SourceTitle "CBM 219 Extra"]
[Source "ChessBase"]
[SourceDate "2024.05.31"]
[SourceVersion "1"]
[SourceVersionDate "2024.05.31"]
[SourceQuality "1"]

1. e4 c5 2. Nf3 e6 3. d4 cxd4 4. Nxd4 Nf6 5. Nc3 Bb4 6. Bd3 h6 7. 0-0 0-0 8. Bf4 d6 9. Bg3 Nc6 10. Nxc6 bxc6 11. a3 Bc5 12. Qe2 d5 13. e5 Nd7 14. Qg4 Qg5 15. Qxg5 hxg5 16. Ne2 f6 17. exf6 gxf6 18. b4 Be7 19. Nd4 Nb8 20. Bxb8 Rxb8 21. Nxc6 Rb7 22. Ba6 Rc7 23. Bxc8 Rfxc8 24. b5 Bd6 25. Rfe1 e5 26. a4 Ra8 27. Rad1 d4 28. c3 a6 29. cxd4 axb5 30. axb5 exd4 31. Rxd4 Bc5 32. Rd5 Bf8 33. h3 Ra2 34. Re6 Kg7 35. b6 Rb7 36. Nd8 Rb8 37. b7 Ra1+ 38. Kh2 Bc5 39. Rd7+ Kg6 40. Nc6 Ba7 41. Nxb8 Bxb8+ 42. g3 g4 43. hxg4 Kg5 44. Rg7+ Kh6 45. Rg8 Kh7 46. Ree8 f5 47. Rh8+ Kg7 48. Rxb8 fxg4 49. Rbg8+ Kf6 50. b8Q Rh1+ 51. Kxh1 Ke6 52. Rh6+ Kd5 53. Qd6+ Ke4 54. Rxg4+ Kf3 55. Rf4+ Ke2 56. Re6+ Kf1 57. Qd1# 1-0

[Event "HUN-ch U20"]
[Site "Szolnok"]
[Date "2024.04.03"]
[Round "5"]
[White "Golya, David"]
[Black "Marton John, Almos Kiran"]
[Result "1-0"]
[WhiteElo "1672"]
[BlackElo "1693"]
[PlyCount "127"]
[EventDate "2024.03.31"]
[EventType "swiss"]
[EventRounds "9"]
[EventCountry "HUN"]
[SourceTitle "CBM 219 Extra"]
[Source "ChessBase"]
[SourceDate "2024.05.31"]
[SourceVersion "1"]
[SourceVersionDate "2024.05.31"]
[SourceQuality "1"]

1. e4 e5 2. Nf3 Nc6 3. Bc4 Bc5 4. 0-0 Nf6 5. Nc3 d6 6. h3 h6 7. d3 g5 8. Nh2 g4 9. hxg4 Rg8 10. g5 hxg5 11. Be3 Be6 12. Bxe6 fxe6 13. Bxc5 dxc5 14. g3 Qe7 15. Kg2 0-0-0 16. Ng4 c4 17. Qf3 Nxg4 18. Qxg4 cxd3 19. Nd5 Qf7 20. cxd3 Kb8 21. Ne3 Rxd3 22. Rab1 Nd4 23. Rbc1 Rf8 24. Rcd1 Rxd1 25. Nxd1 Qf3+ 26. Qxf3 Rxf3 27. Rh1 c5 28. Rh5 Rd3 29. Ne3 Rd2 30. Rxg5 Rxb2 31. Rxe5 b6 32. g4 Ne2 33. g5 Nf4+ 34. Kf3 Rxf2+ 35. Kg3 Kc7 36. g6 Nxg6 37. Rxe6 Nf4 38. Nd5+ Nxd5 39. Kxf2 Nc3 40. Re7+ Kd6 41. Rxa7 Nxe4+ 42. Ke3 Nc3 43. Kd3 Nd5 44. a3 Kc6 45. Rh7 Kb5 46. Rh4 Ne7 47. Kc3 Nc6 48. Rh8 Ka4 49. Ra8+ Na5 50. Kb2 Kb5 51. Rg8 Nc6 52. Rg6 Ne5 53. Re6 Nf3 54. Rf6 Nd2 55. Kc2 Nc4 56. Rf3 Ka4 57. Rf4 Kb5 58. a4+ Kb4 59. Kd3 Kxa4 60. Kxc4 Ka5 61. Rf8 Ka6 62. Rf7 b5+ 63. Kxc5 b4 64. Kxb4 1-0